[Event "J K Gill"]
[Site "?"]
[Date "1972.08.12"]
[Round "2"]
[White "Bailey, B."]
[Black "Nedell, F."]
[Result "1-0"]
[WhiteElo "1998"]
[BlackElo "2105"]
[Annotator "Stockfish 14 (15s)"]
[PlyCount "93"]
[EventDate "1972.??.??"]

{B09: Pirc Defence: Austrian Attack} 1. e4 g6 2. d4 Bg7 3. Nc3 d6 4. f4 Nf6 5.
Nf3 c5 6. dxc5 Qa5 7. Qd3 Qxc5 8. Be3 Qc7 9. Nb5 $146 (9. O-O-O Nc6 10. e5 dxe5
11. fxe5 Bf5 12. exf6 Bxd3 13. fxg7 Rg8 14. Rxd3 Rd8 15. Rxd8+ Nxd8 16. Bb5+
Nc6 17. Rd1 f6 18. Nd5 Qa5 19. Bc4 Rxg7 20. Bf4 g5 21. Nc7+ Kf8 22. Ne6+ Kf7
23. Nxg7+ Kxg7 {Perez Perez,F-Farre Mallofre,M Zaragoza 1957 1-0}) (9. h3 Nbd7
10. Be2 O-O 11. O-O a6 {
1/2-1/2 (11) Govedarica,R (2405)-Peev,P (2440) Pernik 1978}) (9. Bd4 Nc6 10.
Nb5 Qd8 11. Bc3 a6 12. Nbd4 Bd7 13. Be2 O-O 14. O-O e6 15. Nd2 b5 16. a3 Nxd4
17. Bxd4 Bc6 18. e5 dxe5 19. Bxe5 Nd7 20. Qc3 Nxe5 21. fxe5 Bxe5 22. Qxe5 Qxd2
23. Rf2 Qd5 {Bramme,I (2079)-Pardo,S (1978) France 2005 0-1 (104)}) (9. Be2 O-O
10. Nd4 Nbd7 11. Nb3 Nb6 12. h3 Be6 13. Qb5 Nc4 14. Bxc4 Bxc4 15. Qa4 Nh5 16.
Nd2 b5 17. Qa3 a5 18. Nd1 Qc6 19. Bf2 Nxf4 20. Qf3 Be5 21. Bg3 Be2 22. Qf2 Bxd1
{0-1 (22) Nagy,B (2050)-Suto,G (2145) Eger 1996}) (9. e5 $142 $5 Ng4 10. Nd5
$18) 9... Qa5+ $14 10. Qc3 (10. Qd2 Qxd2+ 11. Nxd2 Na6 $14) 10... Qxc3+ $11 11.
Nxc3 O-O (11... Nc6 12. h3 $11) 12. O-O-O Nc6 13. h3 a6 (13... Nh5 14. Bd3 Ng3
15. Rhe1 Bxc3 16. bxc3 $14) 14. g4 $16 b5 15. Nd4 (15. Bg2 $142 $5 Bb7 16. e5
dxe5 17. Nxe5 $16) 15... Nxd4 $11 16. Bxd4 Bb7 17. Bg2 Rfc8 18. Rh2 Ne8 19.
Bxg7 Kxg7 20. Nd5 Bxd5 21. Rxd5 (21. exd5 $2 Rc4 22. f5 g5 $17) 21... Ra7 22.
Rd3 Rac7 23. Bf3 e5 (23... Rc5 24. h4 $11) 24. fxe5 $11 dxe5 25. g5 h5 26.
gxh6+ (26. Rhd2 Rc6 $11) 26... Kxh6 $15 27. Bg4 (27. h4 Nf6 $15) 27... Rb8 28.
Rf2 Rb6 29. Rd5 (29. h4 Nf6 30. Bf3 Rc8 $17) 29... Re7 30. Rd8 Kg5 (30... Rd6
$142 31. Ra8 Nf6 $17) 31. Kd2 $4 (31. Be2 $142 $15) 31... Rd6+ $19 32. Rxd6
Nxd6 33. Kd3 (33. Bf3 $19) 33... f5 34. Bf3 (34. exf5 gxf5 35. Be2 Rd7 36. Rg2+
Kf4 $19) 34... Rh7 35. Bg2 (35. exf5 gxf5 36. Bg2 e4+ 37. Kd4 Rd7 $19) 35...
Rh4 {Black plans f4} (35... Nxe4 $142 36. Bxe4 Rxh3+ 37. Ke2 fxe4 38. a3 $19)
36. exf5 gxf5 37. b3 (37. Ke2 e4 38. Rf1 Kf6 $19) 37... Rd4+ 38. Ke2 f4 (38...
b4 $142 39. Ke1 e4 $19) 39. c3 $18 Re4+ $4 (39... f3+ $142 40. Bxf3 Rf4 41.
Rg2+ Kf5 $18) 40. Bxe4 Nxe4 41. Rf3 (41. c4 $142 $5 Kh4 42. Rf3 Nc5 $18) 41...
Ng3+ 42. Kf2 Kh4 (42... Ne4+ 43. Ke1 Nc5 44. Ke2 $18) 43. Kg2 (43. c4 $142 Ne4+
44. Kg2 Kg5 $18) 43... Ne2 (43... Nf5 44. c4 Kg5 $18) 44. c4 e4 (44... Kg5 45.
Rf1 $18) 45. Rf1 bxc4 (45... f3+ 46. Kf2 Kg5 47. Re1 $18) 46. bxc4 f3+ 47. Kf2
(47. Kf2 Kg5 48. Re1 $18) 1-0

[Event "J K Gill"]
[Site "?"]
[Date "1972.08.12"]
[Round "3"]
[White "Bailey, B."]
[Black "Turner, D."]
[Result "1/2-1/2"]
[WhiteElo "1998"]
[BlackElo "2061"]
[Annotator "Stockfish 14 (15s)"]
[PlyCount "69"]
[EventDate "1972.??.??"]

{C91: Closed Ruy Lopez: 7...d6 8 c3 0-0 9 d4} 1. e4 e5 2. Nf3 Nc6 3. Bb5 a6 4.
Ba4 Nf6 5. O-O Be7 6. Re1 b5 7. Bb3 O-O 8. c3 d6 9. d4 Bg4 10. d5 Na5 11. Bc2
Nd7 12. Nbd2 (12. Qd3 Nb7 13. b4 f5 14. Nbd2 fxe4 15. Qxe4 Bf5 16. Qxf5 Rxf5
17. Bxf5 Nf6 18. Be6+ Kf8 19. Ne4 Nxe4 20. Rxe4 Qe8 21. Rg4 Nd8 22. Bh6 Nxe6
23. dxe6 gxh6 24. Re1 Bf6 25. h3 Qxe6 26. Nd4 Qd7 {
Mikuszak,U-Benkunskiene,V Eretria 2005 0-1}) 12... Bg5 13. h3 Bxd2 $146 (13...
Bxf3 14. Qxf3 (14. Nxf3 Bxc1 15. Rxc1 Nc4 16. Rb1 Qf6 17. Bd3 Ncb6 18. b4 Qh6
19. Qc2 Nf6 20. c4 bxc4 21. Bxc4 Nxc4 22. Qxc4 Ra7 23. a3 Nd7 24. Rbc1 f5 25.
Rc2 Nb6 {1/2-1/2 (25) Vieira,F-Santos,J (2020) Lisbon 1999}) 14... Rb8 15. b3
Qc8 16. Qg4 Bh6 17. Nc4 f5 18. exf5 Nf6 19. Qg3 Bf4 20. Bxf4 exf4 21. Qxf4 bxc4
22. b4 Nb7 23. Qxc4 Nd8 24. Re7 c6 25. dxc6+ d5 26. Qf4 Nxc6 27. Rc7 Qe8 28.
Ba4 {Polak,T (2355)-Fauland,A (2455) Vienna 1990 1/2-1/2 (61)}) 14. Bxd2 (14.
Qxd2 $6 Bxf3 15. gxf3 Nc4 $11) 14... Bh5 15. g4 Bg6 16. b3 (16. Bg5 $142 $5 f6
17. Bc1 $16) 16... c6 $14 17. dxc6 Nxc6 18. Bc1 Qc7 19. Ba3 Nc5 20. Qe2 (20.
Bxc5 dxc5 21. Qd5 Rfc8 $11) 20... Rfd8 (20... Ne6 21. Qe3 a5 22. Rad1 $15) 21.
Rad1 (21. Bxc5 $5 dxc5 22. Red1 $11) 21... Ne6 $15 22. Bc1 b4 (22... Qa5 $142
23. Bb1 Qxc3 $17) 23. Ng5 $4 (23. c4 f6 $11) 23... Nxg5 $4 (23... bxc3 $142 24.
Nxe6 fxe6 $19) 24. Bxg5 $11 Rd7 (24... f6 $142 25. Be3 bxc3 26. Qc4+ Kh8 27.
Qxc3 Qb7 $11) 25. Rd3 $4 (25. c4 $5 $14) 25... f6 (25... bxc3 26. Rxc3 Nd4 27.
Qe3 Nxc2 28. Rxc7 Rxc7 29. Qd2 Nxe1 30. Qxe1 $17) 26. Bc1 $2 (26. Bd2 bxc3 27.
Bxc3 Ne7 $11) 26... Rad8 (26... bxc3 27. Rxc3 Nd4 28. Qc4+ Qxc4 29. bxc4 $17 (
29. Rxc4 $4 Nf3+ 30. Kf1 Nxe1 31. Kxe1 d5 32. exd5 Bxc2 33. Rxc2 Rxd5 $19)) 27.
Qd2 (27. c4 Nd4 28. Rxd4 exd4 $11) 27... Qa5 (27... d5 28. exd5 e4 29. Rg3 Rxd5
30. Qf4 $17) 28. Bb1 (28. a3 $5 bxc3 29. Qxc3 Qxc3 30. Rxc3 $11) 28... d5 $17
29. c4 d4 (29... Bxe4 $4 30. Rxe4 g6 31. cxd5 Rxd5 32. Rc4 $18) 30. Rg3 Qc5 31.
Bd3 Rf8 32. Kg2 (32. h4 $5 $17) 32... Nd8 $19 33. Qc2 (33. a4 Ne6 $19) 33...
Ne6 34. Rf1 a5 35. f4 1/2-1/2

[Event "J K Gill"]
[Site "?"]
[Date "1972.08.13"]
[Round "4"]
[White "Love, J."]
[Black "Bailey, B."]
[Result "1/2-1/2"]
[WhiteElo "1912"]
[BlackElo "1998"]
[Annotator "Stockfish 14 (15s)"]
[PlyCount "41"]
[EventDate "1972.??.??"]

{A23: English Opening: 1...e5 2 Nc3 Nf6 3 g3 c6} 1. c4 e5 2. Nc3 Nf6 3. g3 c6
4. d4 exd4 5. Qxd4 d5 6. cxd5 cxd5 7. Bg5 Be7 8. Bg2 {
The pressure on the isolated pawn grows} Nc6 9. Qa4 d4 (9... Be6 10. e3 O-O 11.
Nge2 Qb6 12. O-O Rfd8 13. Rfd1 h6 14. Bxf6 Bxf6 15. Nf4 Qxb2 16. Ncxd5 Bxd5 17.
Bxd5 Qxa1 18. Bxf7+ Kf8 19. Rxa1 Bxa1 20. Qb3 Ne5 21. Ne6+ Ke7 22. Nxd8 Rxd8
23. Bh5 Rd7 24. Qa3+ {Kraidman,Y (2465)-Lederman,L (2420) Beersheba 1976 1-0})
(9... O-O 10. Nf3 Be6 11. O-O Qb6 12. Qb5 d4 13. Qxb6 axb6 14. Nb5 Rfd8 15. b3
Ra5 16. Nc7 Bg4 17. Bd2 Rc5 18. Rfc1 Ne4 19. Rxc5 Bxc5 20. Be1 Nc3 21. Kf1 Rd7
22. Ne8 Rd8 23. Nc7 Ba3 24. Bd2 {
Volosin,V (2289)-Berebora,F (2391) Hungary 2006 1/2-1/2 (34)}) 10. Rd1 $146 (
10. Bxf6 Bxf6 11. Nd5 O-O 12. Nxf6+ Qxf6 13. Rd1 d3 14. Rxd3 Bf5 15. Rc3 Rfe8
16. Nf3 Re4 17. Qb3 Rb4 18. Qa3 a5 19. O-O g5 20. Rc5 h6 21. Qc3 Qe6 22. e3 Bg6
23. b3 Rd8 24. Ne5 Nxe5 {
Esposito,L (2000)-Ortega,L (2435) Celle Ligure 1995 1/2-1/2 (67)}) 10... Bd7
11. Bxf6 Bxf6 12. Nd5 O-O 13. Nf3 {
Increasing the pressure on the isolated pawn on d4} Re8 14. Nxf6+ Qxf6 15. Nxd4
Nxd4 16. Qxd4 Qa6 (16... Bb5 17. e4 Qa6 18. f3 $15) 17. e3 (17. Rd2 $5 Bc6 18.
Bxc6 bxc6 19. b3 $14) 17... Bb5 $11 18. a3 (18. f4 Bc6 19. Bxc6 bxc6 $11) 18...
Qa5+ (18... Rac8 $142 $5 19. Qd6 b6 $17) 19. Qb4 $11 Qxb4+ 20. axb4 Rac8 21.
Rd2 1/2-1/2

[Event "J K Gill"]
[Site "?"]
[Date "1972.08.13"]
[Round "5"]
[White "Kozu, M."]
[Black "Bailey, B."]
[Result "0-1"]
[WhiteElo "1694"]
[BlackElo "1998"]
[Annotator "Stockfish 12 (20s)"]
[PlyCount "80"]
[EventDate "1972.??.??"]

{D27: Queen's Gambit Accepted: Classical main line: 7 e4!? and 7 a4} 1. d4 d5
2. c4 dxc4 3. e3 Nf6 4. Bxc4 e6 5. Nf3 c5 6. O-O a6 7. dxc5 Qxd1 8. Rxd1 Bxc5
9. a3 b5 10. Ba2 (10. Bd3 Bb7 11. b4 {
1/2-1/2 (11) Poluljahov,A (2510)-Tregubov,P (2495) Volgograd 1994}) 10... Bb7
11. Nbd2 (11. b4 Be7 12. Bb2 Nbd7 13. Nbd2 O-O 14. Rac1 Rac8 15. Ne5 Nxe5 16.
Bxe5 Rfd8 17. Bd4 e5 18. Bc3 Rd3 19. Nb1 Rxd1+ 20. Rxd1 Be4 21. Bxe5 Rc2 22.
Bb3 Rc8 23. f3 Bc2 24. Rc1 Bf5 25. Rxc8+ Bxc8 {
Poecksteiner,J (2194)-Shoham,A (2195) Dos Hermanas 2003 1-0 (34)}) 11... Nc6
$146 (11... Nd5 12. Nb3 Bb6 13. Bd2 Ne7 14. Ba5 Bxa5 15. Nxa5 Bxf3 16. gxf3 Ra7
17. Rd2 Rc7 18. Rad1 O-O 19. Nb3 Nc8 20. Nc1 g6 21. Ne2 Nb6 22. Nf4 Re8 23. h4
Rd7 24. Rxd7 N8xd7 25. b4 Kf8 26. Rd2 {
Martinez,A-Montoya Bello,F (2160) Mondariz 1997 0-1 (52)}) (11... Bb6 12. Bb1
$11) 12. b4 Bb6 13. Bb2 Ke7 14. Rac1 a5 (14... Rac8 15. h3 $11) 15. bxa5 Bxa5 (
15... Nxa5 16. Nd4 Bxd4 17. Bxd4 $14) 16. Nb3 $14 Bb6 (16... Rhc8 $5 $14) 17.
Nc5 Bxc5 18. Rxc5 b4 $2 (18... Rhd8 $142 19. Rxd8 Rxd8 $16) 19. Rb5 $4 (19. Nd4
$142 Rhc8 20. Rb5 $18) 19... Rhb8 $11 20. Rd3 Ba6 21. Rxb8 Rxb8 22. Rb3 $4 (22.
Nd4 $142 Nxd4 23. Rxd4 $11) 22... Bc4 $19 23. Bxf6+ (23. Nd4 Nxd4 24. Rxb4 Ne2+
25. Kf1 Rxb4 26. axb4 Bxa2 27. Kxe2 Bc4+ 28. Kf3 Bb5 $19) 23... Kxf6 24. Rb2 (
24. Rxb4 Nxb4 25. Bxc4 Nc2 $19) 24... Bxa2 25. Rxa2 (25. axb4 Rxb4 26. Rxb4
Nxb4 $19) 25... bxa3 26. Kf1 (26. Nd2 Rb2 27. Rxb2 axb2 $19) 26... Ra8 27. Ke2
Nb4 28. Ra1 a2 29. Kd1 (29. Nd4 Ra3 $19) 29... Nd3 (29... Rc8 30. Ne1 $19) 30.
Kc2 (30. Ke2 Ra3 $19) 30... Nxf2 31. Kb3 Ng4 32. e4 e5 33. Rxa2 (33. Kb2 Nf2
$19) 33... Rxa2 34. Kxa2 Nf2 35. Nd2 (35. Kb3 Nxe4 36. Kc4 Kf5 $19) 35... Kg5
36. g3 (36. Kb3 Kf4 $19) 36... Kg4 37. Kb3 Kh3 38. Kc4 Kxh2 39. Nf3+ Kxg3 40.
Nxe5 f6 (40... f6 41. Nc6 Nxe4 $19) 0-1

[Event "Boeing Action"]
[Site "?"]
[Date "1972.08.15"]
[Round "1"]
[White "Kanellis, G."]
[Black "Bailey, B."]
[Result "1-0"]
[WhiteElo "1600"]
[BlackElo "1998"]
[Annotator "Stockfish 12 (15s)"]
[PlyCount "68"]
[EventDate "1972.??.??"]

{D60: Queen's Gambit Declined: Classical: Unusual White 7th moves} 1. d4 d5 2.
c4 e6 3. Nc3 Nf6 4. Bg5 Be7 5. e3 c6 6. Nf3 Nbd7 7. Be2 O-O 8. O-O b6 9. a3 (9.
Rc1 Bb7 10. h3 Rc8 11. Qa4 a6 12. Rfd1 b5 13. cxb5 cxb5 14. Qb3 Bd6 15. Bf4
Bxf4 16. exf4 Qe7 17. Ne5 Nb6 18. a4 b4 19. a5 Nc4 20. Na2 Nxa5 21. Qxb4 Qxb4
22. Nxb4 Nb3 23. Rxc8 Rxc8 {
Salo,H (2240)-Vooremaa,A (2345) Finland 1992 0-1 (44)}) 9... Ba6 $146 (9... Bb7
10. b4 (10. Rc1 c5 11. dxc5 Nxc5 12. b4 Nce4 13. Nxe4 Nxe4 14. Bxe7 Qxe7 15.
cxd5 Bxd5 16. Nd4 Qg5 17. Bf3 Rac8 18. Qd3 Nf6 19. Bxd5 Qxd5 20. Qa6 Qd7 21.
Nb5 h6 22. Rcd1 Qe7 23. Qxa7 Qxa7 24. Nxa7 Rc2 {
Kotrla,S-Potpara,N Vrnjacka Banja 2006 1-0 (33)}) 10... c5 11. cxd5 Nxd5 12.
Bxe7 Qxe7 13. Nxd5 Bxd5 14. dxc5 bxc5 15. b5 Rfd8 16. Qc2 Rac8 17. e4 Ba8 18.
Rfe1 Nf6 19. Bc4 Ne8 20. Re3 Nd6 21. Rae1 Rc7 22. a4 Kh8 23. h3 Bb7 24. g4 {
Michalek,B (1894)-Kimpel,J (1731) Halle 2005 1-0 (39)}) 10. cxd5 Bxe2 11. Qxe2
exd5 12. b4 (12. Qa6 h6 13. Bxf6 Nxf6 $14) 12... Ne4 (12... b5 13. Rfc1 $11)
13. Bxe7 Nxc3 14. Qc2 Qxe7 15. Qxc3 c5 $2 (15... Rfc8 $142 $5 $11) 16. dxc5 $16
bxc5 17. bxc5 (17. Rfd1 $142 Qd6 18. e4 $16) 17... Rfc8 $2 (17... Nxc5 $142 18.
Rac1 Ne4 $14) 18. c6 $18 Qd6 $4 (18... Qc5 19. Qxc5 Nxc5 $18) 19. Nd4 Ne5 20.
Rfc1 Ng4 21. Nf3 Rab8 (21... Nf6 22. Nd4 $18) 22. Rab1 h6 (22... Rxb1 23. Rxb1
g6 24. Rc1 $18) 23. Rxb8 Rxb8 (23... Qxb8 24. h3 Nf6 25. Nd4 $18) 24. c7 Rc8
25. h3 (25. Qb3 $5 Nf6 26. Qb7 Qe6 $18) 25... Nf6 26. Qc6 (26. Qa5 a6 27. Nd4
Qd7 $18) 26... Qxa3 $4 (26... Qxc6 27. Rxc6 Ne8 $18) 27. Nd4 (27. Rb1 $142 Qf8
28. Qb7 $18) 27... Qe7 (27... Ne8 28. Nb5 Qxc1+ 29. Qxc1 a6 $18) 28. Nf5 Qf8 (
28... Qxc7 29. Qxc7 Rxc7 30. Rxc7 $18) 29. Nd6 Kh7 (29... Rd8 30. cxd8=Q Qxd8
$18) 30. Nxc8 Qxc8 31. Qc5 (31. Qd6 Nd7 32. Qxd5 Kg8 $18) 31... a6 32. Qa7 Nd7
33. Rb1 Ne5 34. Rb8 Nf3+ 1-0

[Event "Boeing Action"]
[Site "?"]
[Date "1972.08.15"]
[Round "2"]
[White "Bailey, B."]
[Black "Higgens, J."]
[Result "1-0"]
[WhiteElo "1998"]
[BlackElo "100"]
[Annotator "Stockfish 12 (15s)"]
[PlyCount "103"]
[EventDate "1972.??.??"]

{C65: Ruy Lopez: Berlin Defence (3...Nf6), unusual lines and 4 0-0 Bc5} 1. e4
e5 2. Nf3 Nc6 3. Bb5 Nf6 4. O-O Be7 5. Re1 O-O 6. Bxc6 dxc6 7. Nxe5 Qd4 (7...
Be6 8. d4 Bd6 9. Nf3 Be7 10. h3 h6 11. b3 Re8 12. c4 Qc8 13. Bb2 Rd8 14. Nbd2
Bb4 15. a3 Bxd2 16. Nxd2 Qd7 17. d5 cxd5 18. Bxf6 gxf6 19. cxd5 Kf8 20. Qh5 Ke7
21. dxe6 Qxe6 22. Nc4 {Van Beers,E (2383)-Skehan,C Mallorca 2004 1-0}) (7...
Bd6 8. Nf3 Re8 9. e5 Ng4 10. exd6 Rxe1+ 11. Qxe1 cxd6 12. d4 d5 13. h3 Nf6 14.
Bg5 h6 15. Bxf6 Qxf6 16. Qe8+ Kh7 17. Nbd2 Qg6 18. Nh4 Qxc2 19. Ndf3 Qxb2 20.
Re1 f5 21. Qg6+ {1-0 (21) Vranova,J (1873)-Novak,D Usti nad Orlici 2006}) 8.
Nf3 Bg4 $4 $146 (8... Qb6 9. h3 Re8 10. d4 Qa5 11. Nbd2 Qh5 12. Nh2 Qg6 13. Qf3
h6 14. Nc4 Qh5 15. Qxh5 Nxh5 16. Nf3 g5 17. e5 Be6 18. Ne3 Ng7 19. Ng4 Bxg4 20.
hxg4 Rad8 21. Be3 b6 22. Rad1 b5 23. b3 {
Garcia Hernandez,C-Gnass,E Berlin 2005 1/2-1/2 (44)}) (8... Qc5 9. d4 Qb6 10.
c3 Bg4 11. Nbd2 Rfe8 12. Qc2 Rad8 13. Ne5 Bh5 14. Ndc4 Qb5 15. Ne3 Bd6 16. N5c4
Ng4 17. Nxg4 Bxg4 18. Ne3 Bh5 19. e5 Bg6 20. Qe2 Qxe2 21. Rxe2 Be7 22. Nc4 Bd3
23. Re1 {Muller,C-Hochstadt,C Germany 1996 0-1 (37)}) (8... Qd8 $18) 9. Nxd4
Bxd1 10. Rxd1 Nxe4 (10... Bc5 11. Nf5 Nxe4 12. d4 $18) 11. Re1 f5 12. f3 (12.
Nxf5 $142 Rxf5 13. Rxe4 Bf6 $18) 12... Bc5 13. fxe4 Bxd4+ 14. Kh1 Rae8 15. c3 (
15. Nc3 $142 fxe4 16. g3 e3 17. dxe3 Bxc3 18. bxc3 Rf5 $18) 15... Bf2 16. Rf1
fxe4 17. Na3 Bb6 18. Rxf8+ (18. Rd1 $142 $18) 18... Rxf8 $17 19. g3 Rf1+ 20.
Kg2 Rg1+ 21. Kh3 g5 $4 (21... e3 $142 22. Nc2 e2 $15) 22. b4 $18 h5 (22... Rf1
23. Nc4 h5 24. a4 $18) 23. Bb2 g4+ 24. Kh4 Rg2 25. Nc4 (25. Kxh5 $142 Rxh2+ 26.
Kxg4 Rxd2 27. Nc4 $18) 25... Rxh2+ $11 26. Kg5 Kg7 $4 (26... Bf2 $142 27. Kf4
h4 28. gxh4 g3 $11) 27. Nxb6 $18 cxb6 28. c4+ Kf7 29. Rf1+ Ke6 30. Bc3 (30. Re1
$142 c5 31. Rxe4+ Kd7 $18) 30... c5 (30... Rg2 31. Rf4 (31. Kxh5 $143 Rxg3 32.
Kg5 e3 $18) 31... Rxg3 32. Rxe4+ Kd7 33. Kxh5 Rh3+ 34. Kxg4 $18) 31. b5 a6 (
31... Rg2 32. Rf4 $18) 32. a4 a5 (32... e3 33. dxe3 Ke7 $18) 33. Re1 Rh3 34.
Rxe4+ Kd7 35. Be5 (35. Kf6 h4 36. gxh4 Rxh4 37. Re7+ Kd8 $18) 35... Rh1 36. Bc3
Rg1 37. Kxh5 Rxg3 38. Rxg4 Rxg4 39. Kxg4 Ke6 (39... Ke7 40. Kf5 Ke8 41. Kf6 Kd8
42. d4 cxd4 43. Bxd4 Kd7 44. Bf2 Kd8 45. Bxb6+ Ke8 46. c5 Kd7 47. Kf7 Kc8 48.
Ke7 Kb8 49. Kd8 Ka8 50. c6 bxc6 51. bxc6 Kb8 52. c7+ Kb7 53. c8=Q+ Kxb6 54. Qa8
Kc5 55. Qxa5+ Kc4 56. Qf5 Kb3 57. a5 Ka3 58. a6 Kb4 59. a7 Kb3 60. a8=Q Kb4 61.
Qc2 Kb5 62. Qa5+ Kxa5 63. Qb3 Ka6 64. Qb4 Ka7 65. Kc7 Ka6 66. Qa4#) 40. Kf4 (
40. d4 cxd4 41. Bxd4 Kf7 42. Kf5 Ke7 43. Bxb6 Kf7 44. c5 Ke7 45. c6 bxc6 46.
bxc6 Kd6 47. c7 Kd7 48. Bxa5 Kc8 49. Bb6 Kd7 50. a5 Kc6 51. a6 Kb5 52. c8=Q
Kxb6 53. a7 Kxa7 54. Qc7+ Ka6 55. Qb8 Ka5 56. Ke4 Ka4 57. Kd4 Ka3 58. Kc3 Ka2
59. Qb2#) 40... Kd7 (40... Ke7 41. Kf5 Kf7 42. d4 cxd4 43. Bxd4 Ke7 44. Bxb6
Kd7 45. c5 Ke7 46. Ke5 Kf7 47. c6 bxc6 48. bxc6 Ke7 49. Bxa5 Ke8 50. c7 Kd7 51.
Bb6 Kc8 52. a5 Kb7 53. a6+ Kxa6 54. c8=Q+ Kxb6 55. Kd4 Ka7 56. Kd5 Kb6 57. Qb8+
Ka5 58. Kc5 Ka4 59. Qb4#) 41. Kf5 Kc8 (41... Ke7 42. d4 cxd4 43. Bxd4 Kd6 44.
Kf6 Kd7 45. Bg1 Kd8 46. Bxb6+ Ke8 47. c5 Kd7 48. Kf7 Kc8 49. Ke7 Kb8 50. Kd8
Ka8 51. c6 bxc6 52. bxc6 Kb8 53. c7+ Kb7 54. c8=Q+ Kxb6 55. Qa8 Kc5 56. Qxa5+
Kd4 57. Qa7+ Kc4 58. a5 Kb4 59. a6 Kb3 60. Qf2 Kc4 61. a7 Kb3 62. a8=Q Kc4 63.
Qe4+ Kb3 64. Qb2+ Kxb2 65. Kd7 Kb3 66. Qd3+ Ka2 67. Kc6 Ka1 68. Kb5 Ka2 69. Kb4
Ka1 70. Kc3 Ka2 71. Kc2 Ka1 72. Qa6#) 42. Ke6 Kd8 43. Bxa5 $1 bxa5 44. Kd6 Kc8
(44... b6 45. Kc6 Ke7 46. Kxb6 Kd6 47. d3 Ke7 48. Kxc5 Ke8 49. b6 Kd7 50. Kd5
Kc8 51. Kc6 Kd8 52. b7 Ke8 53. Kd5 Kf7 54. b8=Q Kf6 55. Qf4+ Kg7 56. Ke6 Kg8
57. Qg4+ Kh8 58. Kf6 Kh7 59. Qg7#) 45. Kxc5 Kb8 (45... Kc7 46. Kd5 Kd7 47. c5
Ke7 48. c6 bxc6+ 49. bxc6 Kd8 50. d3 Kc7 51. d4 Kb8 52. c7+ Kxc7 53. Ke6 Kb6
54. d5 Kb7 55. d6 Kc8 56. Ke7 Kb7 57. d7 Ka7 58. d8=Q Ka6 59. Kd6 Kb7 60. Qxa5
Kb8 61. Kc6 Kc8 62. Qc7#) 46. Kb6 (46. Kd6 b6 47. d4 Kc8 48. Ke7 Kb7 49. d5 Kc7
50. d6+ Kc8 51. d7+ Kb7 52. Kd6 Kb8 53. d8=Q+ Ka7 54. Qd7+ Kb8 55. Kc6 Ka8 56.
Qb7#) 46... Ka8 47. Kc7 Ka7 48. d4 b6 (48... Ka8 49. d5 b6 50. d6 Ka7 51. d7
Ka8 52. d8=Q+ Ka7 53. Qb8#) 49. d5 Ka8 50. d6 Ka7 51. d7 Ka8 52. d8=Q+ (52.
d8=Q+ Ka7 53. Qb8#) 1-0

[Event "Boeing Action"]
[Site "?"]
[Date "1972.08.22"]
[Round "3"]
[White "DeJong, P."]
[Black "Bailey, B."]
[Result "0-1"]
[WhiteElo "100"]
[BlackElo "1998"]
[Annotator "Stockfish 12 (15s)"]
[PlyCount "92"]
[EventDate "1972.??.??"]

{A47: 1 d4 Nf6 2 Nf3 b6: Torre, London and Colle Systems} 1. d4 Nf6 2. e3 e6 3.
Nf3 b6 4. Nc3 (4. c3 Bb7 5. Nbd2 g6 6. Bd3 Bg7 7. O-O O-O 8. e4 d6 9. Qe2 e5
10. dxe5 dxe5 11. Nxe5 Nh5 12. Ndf3 Qe7 13. Ng4 Nd7 14. Nh6+ Kh8 15. Re1 Nc5
16. e5 Ne6 17. g3 Nhf4 18. gxf4 Bxh6 {
Kocsis,J (2275)-Nagy,R (2215) Hungary 1994 1-0 (63)}) 4... Bb7 5. Bd3 $146 (5.
g3 c5 6. Bg2 d5 7. Bd2 Nc6 8. Qe2 a5 9. Qb5 c4 10. Ne5 Rc8 11. Na4 Nd7 12. Nxd7
Qxd7 13. Nxb6 Qc7 14. Nxc8 Qxc8 15. Bxa5 Ba6 16. Qa4 Qb7 17. c3 Bb5 18. Qd1
Nxa5 19. O-O Bc6 {Zaccaria,S-Perrone,S Saint Vincent 2006 0-1 (69)}) (5. a3 c5
6. dxc5 Bxc5 7. b4 Be7 8. Bb2 O-O 9. Bd3 d5 10. O-O Nbd7 11. Ne2 Qc7 12. Ng3
Bd6 13. Nh4 Be7 14. Nh5 Nxh5 15. Qxh5 h6 16. Qg4 Nf6 17. Qd4 {
1/2-1/2 (17) Hentschel,M (1293)-Koczy,W Steinfurt 2006}) (5. Bd2 d6 6. Bc4 Nbd7
7. b3 c5 8. Nb5 cxd4 9. Nbxd4 Rc8 10. Qe2 Be7 11. Bc3 O-O 12. Qd3 Bxf3 13. gxf3
Ne5 14. Qe2 Nxc4 15. bxc4 d5 16. Bb2 Rxc4 17. a3 Qd7 18. c3 Rfc8 19. h4 e5 {
Neziri,R-Niegemeier,K Geneve 1990 0-1 (36)}) 5... c5 6. e4 d5 7. e5 Ne4 8. Bb5+
(8. O-O Nxc3 9. bxc3 Be7 $11) 8... Nd7 9. O-O a6 10. Bxd7+ Qxd7 11. Re1 cxd4
12. Nxd4 (12. Qxd4 $2 Bc5 13. Nxe4 Bxd4 (13... dxe4 $143 14. Qxd7+ Kxd7 15. Ng5
$14) 14. Nd6+ Kf8 15. Nxd4 h6 $19) 12... Nxc3 13. bxc3 Bc5 (13... Rc8 14. Re3
$11) 14. Be3 (14. Qg4 Kf8 $14) 14... O-O 15. Qg4 Rfc8 $4 (15... f5 $142 16.
exf6 Rxf6 $15) 16. Bh6 $18 g6 17. Qf4 (17. Re3 Be7 18. Rf3 Rc4 $18) 17... Bf8
$2 (17... Be7 18. Re3 Rc4 $18) 18. Bxf8 $18 Rxf8 19. Qf6 (19. Re3 $5 Qe7 $18)
19... Rac8 (19... Rae8 20. a4 $16) 20. Re3 Rc4 21. h4 Qd8 22. h5 (22. Qf4 Bc8
23. Rf3 Qc7 $18) 22... Qxf6 $16 23. exf6 Rfc8 $2 (23... gxh5 $142 24. Rb1 b5
25. Rg3+ Kh8 $14) 24. hxg6 $4 (24. Rb1 $142 b5 25. hxg6 hxg6 $18) 24... Rxc3 $4
(24... hxg6 25. Rb1 Rxc3 26. Rxc3 Rxc3 27. Rxb6 Rc7 $16) 25. gxh7+ (25. Rxc3
$142 Rxc3 26. g7 $18) 25... Kxh7 $15 26. Re5 $4 (26. Rxc3 $142 Rxc3 27. Rb1 $17
) 26... Kg6 $19 27. Rae1 (27. f4 Kxf6 28. Kf2 R3c4 $19) 27... Kxf6 28. g4 (28.
Nxe6 Re8 (28... fxe6 $6 29. Rxe6+ Kg5 30. R1e5+ Kg4 31. Rf6 $11) 29. Nc5 Rxe5
30. Nd7+ Ke6 31. Nxe5 Rxc2 32. Nc4+ Kf6 33. Nxb6 Bc6 $19) 28... Rg8 (28... R8c4
$142 $5 29. g5+ Kg7 30. Rd1 $19) 29. f3 Rg5 (29... Bc8 $142 30. R1e3 Rxe3 31.
Rxe3 $19) 30. Rxg5 (30. R5e3 Rc4 31. c3 Bc8 $19) 30... Kxg5 31. Kg2 (31. f4+
Kxg4 32. Kf2 Ra3 $19) 31... Rc4 32. Rd1 (32. Nxe6+ fxe6 33. Rxe6 Rc6 $19) 32...
Bc8 (32... e5 $142 33. Ne2 Rxc2 34. Re1 $19) 33. Rd2 (33. c3 Rxc3 34. Kf2 e5
$19) 33... e5 34. Ne2 d4 35. Kg3 (35. Nc1 f5 36. Nd3 e4 $19) 35... f5 36. f4+ (
36. Nc1 Rc3 37. Ne2 f4+ 38. Kf2 Re3 $19) 36... exf4+ 37. Nxf4 Rc3+ 38. Rd3 (38.
Nd3 fxg4 39. Kf2 $19) 38... Rxd3+ 39. Nxd3 fxg4 40. Nb4 Bb7 41. Nd3 Kf5 42. Nf2
Bf3 43. a3 b5 44. Kh4 Kf4 45. Nd3+ Ke3 46. Ne5 Kd2 0-1